Ładuje się......

Before the Divide: Hindi and Urdu Literary Culture

Opis bibliograficzny
1. autor: Orsini, Fransesca
LEADER 00208 a2200097 4500
020
260
942 |c BB  |6 _ 
245 |a Before the Divide: Hindi and Urdu Literary Culture 
100 |a Orsini, Fransesca 
999 |c 57945  |d 57945